000 00520nam a2200217Ia 4500
003 OSt
005 20220924134520.0
006 a|||||r|||| 00| 0
007 ta
008 220923b |||||||| |||| 00| 0 snd d
024 _a275066
037 _cTextual
040 _aARTS
_cARTS
_bsnd
041 _2snd
_asnd
082 _aY15.2, 1593K3
100 _aAnandani
_9208583
245 0 _aBharat ji Stri
260 _c1963
942 _hY15.2, 1593K3
_cTEXL
_2CC
999 _c437560
_d437560